000 00392nam a2200133Ia 4500
008 220217s9999||||xx |||||||||||||| ||und||
020 _a81-7366-347-5
082 _a005.13 WIL
100 _aWilliams, Hugh, E Lane, David
_93542
245 0 _aWeb database applications with PHP and Mysql
260 _aShroff publishers
_bMumbai
_c2002
300 _b350
650 _aPROGRAMMING LANGUAGE
999 _c172155
_d172155